00286nam a2200097Ia 4500008004100000082002100041100001900062245005600081260003500137300001600172230907s9999||||xx |||||||||||||| ||und|| a355.0217054bYAM aYamin, Tughral 4aThe evolution of nuclear deterrence in South Asia / aArmy Press,bIslamabad :c2014 aVII, 272 p.